LEADER 02191nas 2200541-a 450 001 996199753803316 005 20240413025006.0 035 $a(CKB)111088195292350 035 $a(CONSER)---00224291- 035 $a(EXLCZ)99111088195292350 100 $a20000810b20002009 --- - 101 0 $aeng 181 $ctxt$2rdacontent 182 $cc$2rdamedia 183 $acr$2rdacarrier 200 04$aThe social situation in the European Union 210 $aLuxembourg $cOffice for Official Publications of the European Communities$d2000-2009 215 $a1 online resource 311 08$aPrint version: The social situation in the European Union. 1681-1658 (DLC) 00224291 (OCoLC)44759326 531 $aSOCIAL SITUATION IN THE EUROPEAN UNION 531 0 $aSoc. situat. Eur. Union 606 $aSocial conditions$2fast$3(OCoLC)fst01919811 606 $aSocial policy$2fast$3(OCoLC)fst01122738 606 $aLeefsituatie$2gtt 606 $aArbeidsomstandigheden$2gtt 607 $aEuropean Union countries$xSocial conditions$vPeriodicals 607 $aEuropean Union countries$xSocial policy$vPeriodicals 607 $aEuropean Union countries$xSocial conditions 607 $aEuropean Union countries$xSocial policy 607 $aPays de l'Union européenne$xConditions sociales$vPériodiques 607 $aPays de l'Union européenne$xPolitique sociale$vPériodiques 607 $aEuropean Union countries$2fast 607 $aEuropean Union countries$xSocial conditions$2nli 607 $aEuropean Union countries$xSocial policy$2nli 608 $aPeriodicals.$2fast 608 $aPeriodicals.$2lcgft 608 $vYearbooks 615 7$aSocial conditions 615 7$aSocial policy. 615 17$aLeefsituatie. 615 17$aArbeidsomstandigheden. 712 02$aStatistical Office of the European Communities. 712 02$aEuropean Commission.$bDirectorate-General for Employment and Social Affairs.$bUnit E.1. 712 02$aEuropean Commission.$bDirectorate-General for Employment and Social Affairs. 912 $a996199753803316 920 $aexl_impl conversion 996 $aSocial situation in the European Union$9846761 997 $aUNISA